000 00617nam a2200217Ia 4500
005 20250508154810.0
008 008 250505s9999 xx 000 0 eng d
037 _aTextual
040 _aFEDL
_beng
_cFEDL
041 _aeng
_2eng
084 _a421.502, COE
_qFEDL
100 _aBhandari C S
_9761689
245 0 _aHandbook of english pronunciation
260 _aBombay, India
_bOrient Longman Pvt. Ltd.
_c1967
300 _a88p.
365 _aINR
_b4
650 _aEnglish pronunciation
_9766102
700 _a Coe G E B
_9766103
942 _cTEXL
_h421.502, COE
999 _c1352187
_d1352187